Normal view MARC view
  • Service industries

Entry Topical Term

Number of records used in: 10

001 - CONTROL NUMBER

  • control field: 8812

003 - CONTROL NUMBER IDENTIFIER

  • control field: OSt

005 - DATE AND TIME OF LATEST TRANSACTION

  • control field: 20170601094142.0

008 - FIXED-LENGTH DATA ELEMENTS

  • fixed length control field: 170601|| aca||aabn | a|a d

040 ## - CATALOGING SOURCE

  • Original cataloging agency: OSt
  • Transcribing agency: OSt

150 ## - HEADING--TOPICAL TERM

  • Topical term or geographic name entry element: Service industries
  • General subdivision: Taxation
  • Geographic subdivision: Malaysia

670 ## - SOURCE DATA FOUND

  • Source citation: Work cat.: (OSt)0: Malaysia 400, Service Tax Act 1975 (Act 151) & regulations and order , 2007
Pusat Sumber Maklumat Dato' Haji Sarmin Md Hussin, Akademi Kastam Diraja Malaysia, Melaka
Tel: 06-2331106 | Faks: 06-2313787